<?xml version="1.0" encoding="UTF-8"?>
<collection xmlns:xsi="http://www.w3.org/2001/XMLSchema-instance" xsi:schemaLocation="http://www.loc.gov/MARC21/slim http://www.loc.gov/standards/marcxml/schema/MARC21slim.xsd" xmlns="http://www.loc.gov/MARC21/slim">
 <record>
  <leader>00000cam a22000004a 4500</leader>
  <controlfield tag="001">UP-99796217611385928</controlfield>
  <controlfield tag="003">Buklod</controlfield>
  <controlfield tag="005">20140909112226.0</controlfield>
  <controlfield tag="006">a     r    |||| u|</controlfield>
  <controlfield tag="007">ta</controlfield>
  <controlfield tag="008">140909s2010    xx     d     r    |||| u|</controlfield>
  <datafield tag="020" ind1=" " ind2=" ">
   <subfield code="z">9780230237711 (hardback)</subfield>
  </datafield>
  <datafield tag="020" ind1=" " ind2=" ">
   <subfield code="z">0230237711 (hardback)</subfield>
  </datafield>
  <datafield tag="035" ind1=" " ind2=" ">
   <subfield code="a">(iLib)UPD-00227808021</subfield>
  </datafield>
  <datafield tag="037" ind1=" " ind2=" ">
   <subfield code="b">Donation</subfield>
   <subfield code="n">Japan Foundation</subfield>
  </datafield>
  <datafield tag="040" ind1=" " ind2=" ">
   <subfield code="a">UtOrBLW</subfield>
   <subfield code="d">DAC</subfield>
  </datafield>
  <datafield tag="041" ind1=" " ind2=" ">
   <subfield code="a">eng</subfield>
  </datafield>
  <datafield tag="090" ind1=" " ind2=" ">
   <subfield code="a">QC 903.2 E85</subfield>
   <subfield code="b">G66 2010</subfield>
  </datafield>
  <datafield tag="245" ind1="0" ind2="0">
   <subfield code="a">Global warming and climate change</subfield>
   <subfield code="h">[electronic resource]</subfield>
   <subfield code="b">prospects and policies in Asia and Europe</subfield>
   <subfield code="c">edited by Antonio Marquina.</subfield>
  </datafield>
  <datafield tag="264" ind1=" " ind2="1">
   <subfield code="a">Houndmills, Basingstoke, Hampshire</subfield>
   <subfield code="a">New York</subfield>
   <subfield code="b">Palgrave Macmillan</subfield>
   <subfield code="c">c2010.</subfield>
  </datafield>
  <datafield tag="300" ind1=" " ind2=" ">
   <subfield code="a">xvii, 510 pages</subfield>
   <subfield code="b">illustrations, maps</subfield>
   <subfield code="c">22.5 cm.</subfield>
  </datafield>
  <datafield tag="336" ind1=" " ind2=" ">
   <subfield code="a">text</subfield>
   <subfield code="2">rdacontent</subfield>
  </datafield>
  <datafield tag="337" ind1=" " ind2=" ">
   <subfield code="a">unmediated</subfield>
   <subfield code="2">rdamedia</subfield>
  </datafield>
  <datafield tag="338" ind1=" " ind2=" ">
   <subfield code="a">volume</subfield>
   <subfield code="2">rdacarrier</subfield>
  </datafield>
  <datafield tag="490" ind1="1" ind2=" ">
   <subfield code="a">Energy, climate and the environment series.</subfield>
  </datafield>
  <datafield tag="504" ind1=" " ind2=" ">
   <subfield code="a">Includes bibliographical references and index.</subfield>
  </datafield>
  <datafield tag="505" ind1="0" ind2=" ">
   <subfield code="a">Introduction / Ana Yâabar Marquina -- Water and food. Water availability and policies in Asia / Maizatun Mustafa -- Effects  of climate change on hydrological resources in Europe:  the case of Spain / Teodoro Estrela Monreal and Elisa Vargas Amelin -- Climate change: implications on agriculture and food security in the short-medium term / Tomâas Lindemann and Daniela Morra -- Natural disasters. A European mechanism to address natural disasters: working alone is not an option / Kostas Ifantis -- Natural disasters in Japan / Haruo Hayashi -- China and natural disasters: prospects and policies / Luo Tianhong -- India and natural disasters / P.R. Chari -- Natural disasters and policies to confront: a case study of Vietnam  / Luan Thuy Duong -- Cooperation for natural disasters and special units: the Emergency Military Unit (UME) / Josâe Miguel Gonzâalez Requena -- Environmentally induced migration. From a socio-economic approach to migration to the inclusion of environmentally-induced migration in the Mediterranean / Antonio Marquina -- Global warming and climate change: prospects for forced migration in Southeast Asia / Carolina G. Hernâandez -- Mitigation and adaptation policies. The EU and Germany's policies on climate change / Frank Umbach -- The nuclear energy debate and emissions reduction: the Italian case / Massimo de Leonardis -- EU policies for renewable energies / Javier de Quinto Romero and Juliâan Lâopez Milla -- Adaptation to climate change in the EU: the Spanish case / Alfonso Guitierrez Teira -- China's emissions reduction policy: problems and prospects / Michal Meidan -- An analysis of energy utilization efficiency in China / Shi Dan -- Japan's policy for energy and emissions reduction and foreign aid / Shigeru Sudo -- Coping with climate change: a Korean perspective / Jae-seung Lee -- India's energy and climate concerns: the inter-Linkages, constraints and policy choices / Devika Sharma -- Climate change and human security in Southeast Asia: issues and challenges / Mely Caballero-Anthony -- Climate change awareness and responses: some initiatives and perspectives from Malaysia / Mazlin bin Mokhtar -- Thailand environmental policies: mitigation and adaptation to climate change and implications for human security / Keokam Kraisoraphong -- Climate change and human security in the Philippines: Government policies, assessments and public opinion / Pia Bennagen Raquedan -- Conclusions. The politics of East Asia's environmental crisis: the coming environmental authoritarianism / Mark Beeson -- Environmental challenges, conflict prevention and human security / Antonio Marquina.</subfield>
  </datafield>
  <datafield tag="520" ind1=" " ind2=" ">
   <subfield code="a">&quot;This book looks at the principal consequences of climate change and its possible impact on conflict and security. It clarifies the impact of climate change on natural resources, on the frequency and expansion of natural disasters, and, as a consequence, the repercussions that can be foreseen on environmentally-induced migration&quot;--Provided by publisher.</subfield>
  </datafield>
  <datafield tag="650" ind1="0" ind2="4">
   <subfield code="a">Climatic changes</subfield>
   <subfield code="x">Environmental aspects</subfield>
   <subfield code="z">Europe.</subfield>
  </datafield>
  <datafield tag="650" ind1="0" ind2="4">
   <subfield code="a">Climatic changes</subfield>
   <subfield code="x">Environmental aspects</subfield>
   <subfield code="z">Asia.</subfield>
  </datafield>
  <datafield tag="650" ind1="0" ind2="4">
   <subfield code="a">Climatic changes</subfield>
   <subfield code="x">Government policy</subfield>
   <subfield code="z">Europe.</subfield>
  </datafield>
  <datafield tag="650" ind1="0" ind2="4">
   <subfield code="a">Climatic changes</subfield>
   <subfield code="x">Government policy</subfield>
   <subfield code="z">Asia.</subfield>
  </datafield>
  <datafield tag="650" ind1="0" ind2="4">
   <subfield code="a">Global warming</subfield>
   <subfield code="x">Government policy</subfield>
   <subfield code="z">Europe.</subfield>
  </datafield>
  <datafield tag="650" ind1="0" ind2="4">
   <subfield code="a">Global warming</subfield>
   <subfield code="x">Government policy</subfield>
   <subfield code="z">Asia.</subfield>
  </datafield>
  <datafield tag="655" ind1=" " ind2="0">
   <subfield code="a">Electronic books.</subfield>
  </datafield>
  <datafield tag="700" ind1="1" ind2=" ">
   <subfield code="a">Marquina Barrio, Antonio.</subfield>
  </datafield>
  <datafield tag="776" ind1="0" ind2="8">
   <subfield code="i">Print version</subfield>
   <subfield code="t">Global warming and climate change.</subfield>
   <subfield code="d">Houndmills, Basingstoke, Hampshire ; New York : Palgrave Macmillan, 2010</subfield>
   <subfield code="z">9780230237711</subfield>
   <subfield code="w">(DLC)  2009046788</subfield>
   <subfield code="w">(OCoLC)429024139.</subfield>
  </datafield>
  <datafield tag="830" ind1=" " ind2="0">
   <subfield code="a">Energy, climate, and the environment series.</subfield>
  </datafield>
  <datafield tag="905" ind1=" " ind2=" ">
   <subfield code="a">FO</subfield>
  </datafield>
  <datafield tag="950" ind1=" " ind2=" ">
   <subfield code="a">Monograph</subfield>
  </datafield>
  <datafield tag="852" ind1="0" ind2=" ">
   <subfield code="a">UPD</subfield>
   <subfield code="b">DAC</subfield>
   <subfield code="h">QC 903.2 E85</subfield>
   <subfield code="i">G66 2010</subfield>
  </datafield>
  <datafield tag="942" ind1=" " ind2=" ">
   <subfield code="a">Book</subfield>
  </datafield>
 </record>
</collection>
